00334nam a2200145 a 450000500170000000800410001705000170005810000060007524500400008126000310012165000090015265000090016165000090017065000090017920140414131925.0101027s19uu xx 00 eng d aERbW81 1997 a  aWobbly witch and a dog named Brian. aLondon :bParragon,c1997. a x  a x  a x  a x